000 00432nam a2200157Ia 4500
008 151213s9999 xx 000 0 und d
100 _aশওকত আলী
245 _aযাত্রা
_cশওকত আলী
250 _a১ম সং
260 _aঢাকা
_bবই ঘর।
_c1976
300 _a8365 p.
650 _aBangla
650 _aযাত্্রা
700 _aশওকত আলী
999 _c4205
_d4205